MARC
| LEADER | 00000ngm a2200000 a 4500 | ||
|---|---|---|---|
| 001 | vtls010210249 | ||
| 003 | SK-MaSNL | ||
| 005 | 20260301213316.0 | ||
| 007 | vd uvuizu | ||
| 008 | 110210s2009 xo 000 vlslo | ||
| 040 | |a SNK |b slo |c SNK |e AACR2 | ||
| 041 | 0 | |a slo | |
| 044 | |a xo |c SK | ||
| 245 | 0 | 0 | |a Banditi |h videozáznam |
| 260 | |a [Bratislava] |b Ringier |c [2009] | ||
| 300 | |a 1 videodisk (DVD) | ||
| 655 | 7 | |a DVD |2 SNKPH |9 70751 | |
| 999 | |c 921113 |d 923043 | ||
| 952 | |a SNK |b SNK |y PREZ |7 0 |p 17A0686588 |o snkSDVD 1068 D1 |i snk2011/3118 |8 0 |0 0 |1 0 |4 0 |d 2011-02-10 |l 0 |r 2026-02-24 08:15:16 |w 2026-02-24 | ||
| 952 | |a SNK |b SNK |y PREZ |7 0 |p 17A0686589 |o snkSDVD 1068 |i snk2011/3117 |8 0 |0 0 |1 0 |4 0 |d 2011-02-10 |l 0 |r 2026-02-24 08:15:16 |w 2026-02-24 | ||


